| 000 | 00667nam a22002177a 4500 | ||
|---|---|---|---|
| 999 |
_c10636 _d10636 |
||
| 003 | AR-CdUCM | ||
| 008 | 190401b ||||| |||| 00| 0 spa d | ||
| 040 |
_aMUNICIPALIDAD PROVINCIAL DEL CUSCO _cBIBLIOTECA MUNICIPAL DEL CUSCO |
||
| 082 |
_a869.26 / _bC31M / 1912 |
||
| 100 |
_aCarriego, Evaristo _927601 |
||
| 245 |
_aMisas herejes : _bla canción del barrio / |
||
| 260 |
_aBuenos Aires : _c1912. |
||
| 300 |
_a236 páginas ; _c18 cm. |
||
| 440 |
_aBiblioteca las Grandes Obras _927602 |
||
| 505 | _aContenido: Poesías. | ||
| 650 |
_aPoesías argentinas _911979 |
||
| 650 |
_aSiglo XX _98 |
||
| 650 |
_aLiteratura _983 |
||
| 942 |
_2ddc _cLIBROS |
||
| 945 | _aachl | ||